| 000 | 00624nam a2200229Ia 4500 | ||
|---|---|---|---|
| 005 | 20240405151824.0 | ||
| 008 | 131103s9999 xx 000 0 und d | ||
| 020 | _a582295300 | ||
| 040 | _aLoreto College | ||
| 041 | _aEnglish | ||
| 082 |
_a330 _bSTO |
||
| 100 | _aStonier, Alfred W. | ||
| 245 | 2 |
_aA Textbook of Economic Theory _cAlfred W.Stonier and Douglas C. Hague |
|
| 250 | _a5th ed. | ||
| 260 |
_aNew York _bLongman _c1986 |
||
| 300 | _axxi,699p. | ||
| 504 | _aIncludes bibliographical references and index | ||
| 650 | _aSocial Science | ||
| 700 | _aC. Hague, Douglas | ||
| 850 | _aLCBED | ||
| 942 | _cBK | ||
| 999 |
_c26696 _d77175 |
||